[Event "Miedzynarodowy Memorial Ireny Warakomskiej (Turniej Blitza)"]
[Site "Suwalki"]
[Date "2017-08-16"]
[Round "2.6"]
[White "Kyrychenko, Maryan "]
[Black "Zochowski, Kacper"]
[Result "0-1"]
[WhiteTitle ""]
[BlackTitle ""]
[WhiteElo "2060"]
[BlackElo "2263"]

1. e4 g6 2. d4 Bg7 3. Nc3 c6 4. Be3 d6 5. h3 b5 6. a3 Nd7 7. Qd2 Nb6 8. f4 a6 9.
Nf3 Rb8 10. Be2 h5 11. O-O d5 12. e5 Nh6 13. Bd3 Nc4 14. Bxc4 bxc4 15. Na4 O-O
16. Rab1 f6 17. Nc5 Nf5 18. b3 cxb3 19. Rxb3 Rxb3 20. cxb3 a5 21. Bf2 Qb6 22.
g4 hxg4 23. hxg4 Nh6 24. Nh4 Bxg4 25. Nxg6 Re8 26. Be1 Qb8 27. Qxa5 Qc8 28. Qa6
Qf5 29. Nh4 Qh5 30. Ng2 Bh3 31. Qxc6 Qg6 32. Qxd5+ e6 33. Qf3 Bg4 34. Qd3 Bf5
35. Qe2 Ng4 36. Bg3 Nxe5 37. fxe5 Qxg3 38. Ne4 Bxe4 39. Qxe4 fxe5 40. dxe5 Qxb3
41. Qg6 Re7 42. Rc1 Qb6+ 43. Kh2 Qb8 44. Nf4 Qb2+ 45. Ng2 Qxc1 46. a4 Qc7 47.
Qg5 Qxe5+ 0-1

[Event "Miedzynarodowy Memorial Ireny Warakomskiej (Turniej Blitza)"]
[Site "Suwalki"]
[Date "2017-08-16"]
[Round "2.7"]
[White "Jaroch, Karol"]
[Black "Murawko, Julia "]
[Result "1-0"]
[WhiteTitle ""]
[BlackTitle ""]
[WhiteElo "2250"]
[BlackElo "1732"]

1. e4 c5 2. f4 e6 3. Nf3 d5 4. e5 Nc6 5. Bb5 Nge7 6. O-O h5 7. c3 Nf5 8. Na3 a6
9. Bxc6+ bxc6 10. d3 Be7 11. c4 Qb6 12. b3 Bb7 13. Nc2 g6 14. Ne3 Qc7 15. Bd2
h4 16. Qe1 Qd8 17. Ba5 Qd7 18. Ng4 Rc8 19. Rd1 Ra8 20. Rf2 Rc8 21. Rc2 Ra8 22.
Nf6+ Bxf6 23. exf6 Rc8 24. Ne5 Qd6 25. Bb6 d4 26. Re2 Ne3 27. Rxe3 dxe3 28. Qxe3
Qd4 29. Bxc5 Qxe3+ 30. Bxe3 h3 31. Bc5 hxg2 32. Kxg2 Rh4 33. Kg3 Rh8 34. a4 Rd8
35. a5 Rh5 36. d4 Rf5 37. Be7 Rc8 38. h4 Rh5 39. b4 Rh8 40. Nd3 Rg8 41. Nc5 Ba8
42. Nxa6 Rh8 43. Nc5 Rg8 44. a6 Rb8 45. Ne4 Rc8 46. Nd6+ Kd7 47. Nxf7 Rb8 48.
Ne5+ Ke8 49. Bd6 Rc8 50. c5 Rh8 51. Nxg6 Rg8 52. h5 Kf7 53. Be7 Rxg6+ 54. hxg6+
Kxg6 55. Rh1 Rg8 56. Kf3 Rc8 57. Rg1+ Kf7 58. Rg7+ Ke8 59. Bd6 Rd8 60. f7+ 1-0

[Event "Miedzynarodowy Memorial Ireny Warakomskiej (Turniej Blitza)"]
[Site "Suwalki"]
[Date "2017-08-16"]
[Round "2.8"]
[White "Wozniak, Mariola "]
[Black "Paszewski, Mateusz "]
[Result "0-1"]
[WhiteTitle ""]
[BlackTitle ""]
[WhiteElo "2045"]
[BlackElo "2233"]

1. e4 c5 2. Nf3 d6 3. d4 cxd4 4. Nxd4 Nf6 5. Nc3 g6 6. Be3 Bg7 7. f3 Nc6 8. Bc4
O-O 9. Qd2 Bd7 10. Bb3 Rc8 11. O-O-O Nxd4 12. Bxd4 b5 13. g4 a5 14. e5 dxe5 15.
Bxe5 Bc6 16. Qe3 Qe8 17. g5 Nd7 18. Bxg7 Kxg7 19. h4 b4 20. Ne4 a4 21. Bd5 Nb8
22. h5 Bxd5 23. Rxd5 b3 24. Qd4+ e5 25. Rxe5 Nc6 26. Rxe8+ Nxd4 27. Rxc8 Rxc8
28. c3 bxa2 29. Kd2 Nb3+ 0-1

[Event "Miedzynarodowy Memorial Ireny Warakomskiej (Turniej Blitza)"]
[Site "Suwalki"]
[Date "2017-08-16"]
[Round "2.9"]
[White "Suliborski, Jakub"]
[Black "Zgadzaj, Rafal "]
[Result "1/2-1/2"]
[WhiteTitle ""]
[BlackTitle ""]
[WhiteElo "2222"]
[BlackElo "2040"]

1. e4 d6 2. Nc3 g6 3. d4 Bg7 4. h3 Nf6 5. Be3 a6 6. a4 Nbd7 7. g4 O-O 8. Nge2 e5
9. Ng3 exd4 10. Bxd4 Re8 11. Bc4 Ne5 12. Bb3 Be6 13. Bxe6 Rxe6 14. O-O Nc6 15.
Be3 Re8 16. Qd2 Ne5 17. Kg2 Nc4 18. Qc1 Nxe3+ 19. Qxe3 d5 20. Rad1 c6 21. e5 Nd7
22. f4 Qb6 23. Qxb6 Nxb6 24. b3 Rad8 25. a5 Na8 26. Na4 Bf8 27. Rfe1 Bb4 28. c3
Bxa5 29. b4 Bc7 30. Nc5 b6 31. Nxa6 Rd7 32. c4 Bd8 33. b5 Ra7 34. Nb4 cxb5 35.
cxd5 Bh4 36. Re2 Ra4 37. Rd4 Nc7 38. Rb2 Rd8 39. d6 Ne6 40. Re4 Rc8 41. Ne2 Nc5
42. Rd4 Ne6 43. Rd5 Rc4 44. Rxb5 Nxf4+ 45. Nxf4 Rxf4 46. Nd5 Rfd4 47. d7 Ra3 48.
Nf6+ Bxf6 49. exf6 Rxd7 50. Rxb6 Rd8 51. Rb8 Ra8 52. Rxa8 Rxa8 53. g5 h6 54. h4
hxg5 55. hxg5 Ra5 56. Kf3 Rxg5 57. Rb6 Rf5+ 58. Kg4 Kh7 59. Rc6 Kg8 60. Rb6 Kh7
61. Rc6 Rb5 62. Rc7 Rb4+ 63. Kg5 Rb5+ 64. Kg4 Kg8 65. Rc8+ Kh7 66. Rf8 Rb7 67.
Kg5 Rb5+ 1/2-1/2

[Event "Miedzynarodowy Memorial Ireny Warakomskiej (Turniej Blitza)"]
[Site "Suwalki"]
[Date "2017-08-16"]
[Round "2.10"]
[White "Ostrowski, Robert"]
[Black "Jakubowska, Anna "]
[Result "0-1"]
[WhiteTitle ""]
[BlackTitle ""]
[WhiteElo "2028"]
[BlackElo "2186"]

1. e4 c5 2. Nf3 e6 3. d4 cxd4 4. c3 d3 5. Bxd3 b6 6. O-O Bb7 7. b4 d6 8. Qe2 Nd7
9. a4 Ngf6 10. a5 Be7 11. Bf4 O-O 12. Nbd2 Rc8 13. axb6 axb6 14. c4 d5 15. cxd5
exd5 16. e5 Nh5 17. Be3 g6 18. Bh6 Re8 19. e6 Ndf6 20. Ng5 Rf8 21. exf7+ Kh8 22.
Ne6 Qd6 23. Nxf8 Bxf8 24. Bxf8 Qxf8 25. Ra7 Rc7 26. Qe5 Qxf7 27. g4 Re7 28. Qd4
Ng7 29. Qxb6 Nxg4 0-1

[Event "Miedzynarodowy Memorial Ireny Warakomskiej (Turniej Blitza)"]
[Site "Suwalki"]
[Date "2017-08-16"]
[Round "2.11"]
[White "Kaczmarek, Arkadiusz "]
[Black "Sadlak, Rafal"]
[Result "1-0"]
[WhiteTitle ""]
[BlackTitle ""]
[WhiteElo "2185"]
[BlackElo "1654"]

1. d4 d5 2. c4 e6 3. Nc3 c6 4. e4 f5 5. exd5 exd5 6. cxd5 cxd5 7. Nf3 Nf6 8. Bg5
Be7 9. Qb3 Be6 10. Qxb7 Nbd7 11. Qc6 Kf7 12. Bxf6 Bxf6 13. Bd3 Rc8 14. Qa4 Re8
15. O-O Kg8 16. Rfe1 g5 17. Bb5 Nb6 18. Qb3 Re7 19. Ne5 Bxe5 20. Rxe5 h5 21. Rae1
Qd6 22. Bd3 Nc4 23. R5e2 Rce8 24. Qc2 f4 25. Bg6 Bg4 26. Bh7+ Kh8 27. Rxe7 Rxe7
28. Rxe7 Qxe7 29. h3 Be6 30. Bg6 f3 31. b3 Nd6 32. Bxh5 fxg2 33. Kxg2 Qg7 34.
Qg6 Qd7 35. Qh6+ Kg8 36. Qxg5+ Kh8 37. Bg4 Bf5 38. Qf6+ Kg8 39. Nxd5 Be4+ 40.
Bf3 1-0

[Event "Miedzynarodowy Memorial Ireny Warakomskiej (Turniej Blitza)"]
[Site "Suwalki"]
[Date "2017-08-16"]
[Round "2.12"]
[White "Janiszewski, Maciej"]
[Black "Cukrowski, Filip "]
[Result "0-1"]
[WhiteTitle ""]
[BlackTitle ""]
[WhiteElo "1968"]
[BlackElo "2180"]

1. Nf3 Nf6 2. c4 g6 3. g3 Bg7 4. Bg2 O-O 5. d4 c6 6. O-O d5 7. Qc2 Bf5 8. Qb3 Qb6
9. c5 Qxb3 10. axb3 Nbd7 11. Nc3 b6 12. b4 a5 13. bxa5 bxc5 14. dxc5 Nxc5 15.
Ne5 Nb3 16. Ra3 Nxa5 17. b4 Nb7 18. Rxa8 Rxa8 19. Nxc6 e6 20. Ne7+ Kf8 21. Nxf5
gxf5 22. b5 Ke7 23. b6 Nd7 24. Bg5+ Bf6 25. Bxf6+ Kxf6 26. Rb1 Ra6 27. Rc1 Nxb6
28. Rb1 Nd6 29. e3 Nbc4 30. Bf1 Rb6 31. Ra1 Nd2 32. Be2 Rb3 33. Rc1 N6e4 34. Na4
Rb1 35. Rxb1 Nxb1 36. f3 Nec3 37. Nxc3 Nxc3 38. Bd3 e5 39. Kf2 e4 40. fxe4 fxe4
41. Ba6 Ke5 42. h3 f5 43. Bc8 Nb5 44. Bd7 Nd6 45. g4 f4 46. h4 fxe3+ 47. Kxe3
d4+ 48. Ke2 Kf4 49. g5 Nf5 50. Be6 d3+ 51. Kd2 Nxh4 52. Bg8 Nf3+ 53. Kd1 Nxg5
54. Kd2 h5 55. Be6 h4 56. Bh3 Nxh3 57. Ke1 Kf3 58. Kf1 e3 59. Ke1 d2+ 60. Kd1
Nf2+ 61. Kc2 d1=Q+ 62. Kc3 Qd3+ 63. Kb2 Qc4 64. Kb1 Nd3 65. Ka1 Qc1+ 66. Ka2 Qb2#
0-1

[Event "Miedzynarodowy Memorial Ireny Warakomskiej (Turniej Blitza)"]
[Site "Suwalki"]
[Date "2017-08-16"]
[Round "2.13"]
[White "Sliwicki, Damian "]
[Black "Grabowski, Adam"]
[Result "0-1"]
[WhiteTitle ""]
[BlackTitle ""]
[WhiteElo "2175"]
[BlackElo "1951"]

1. e4 c6 2. c4 d5 3. exd5 cxd5 4. cxd5 Nf6 5. Qa4+ Nbd7 6. Nc3 g6 7. Nf3 Bg7 8.
Bc4 O-O 9. d3 Nb6 10. Qb3 Bg4 11. Ne5 Qc7 12. Bf4 Nh5 13. Nxg4 Qxf4 14. Ne3 Rac8
15. O-O Be5 16. g3 Qf3 17. Qd1 Qxd1 18. Raxd1 Rfd8 19. Rfe1 Bxc3 20. bxc3 Nf6
21. Rb1 Rc7 22. Rb5 Rcd7 23. Kg2 Rd6 24. Bb3 a6 25. Rc5 Kf8 26. Rc7 R6d7 27. Rxd7
Rxd7 28. c4 Nc8 29. Nc2 b5 30. Na3 Nd6 31. c5 Nf5 32. c6 Rc7 33. Nc2 Nd6 34. Nb4
a5 35. Na6 Ra7 36. Nc5 a4 37. Bd1 Nxd5 38. Nd7+ Ke8 39. Bf3 Nb4 40. Nf6+ Kd8 41.
Nxh7 Rc7 42. Ng5 Nxc6 43. h4 Nd4 44. Bd5 e6 45. Be4 b4 46. g4 b3 47. axb3 axb3
48. h5 gxh5 49. gxh5 Ke7 50. h6 Rc8 51. h7 b2 52. Rb1 Rb8 53. Rxb2 Rh8 54. Rb4
N4f5 55. Ra4 Kf6 56. Ra7 Kxg5 57. Bxf5 Kxf5 58. Rd7 Ne8 59. Rxf7+ Nf6 60. d4 Rxh7
61. Rf8 Rg7+ 62. Kf3 Ra7 63. Kg3 Kg6 64. Rb8 Rd7 65. Rb4 Kf5 66. Kf3 Nd5 67. Rb5
Ra7 68. Kg3 Ra3+ 69. f3 Rd3 70. Rb8 Rxd4 71. Rf8+ Ke5 72. Re8 Nf4 73. Rf8 Ra4
74. Rh8 Ra2 75. Rb8 Rg2+ 76. Kh4 Rg7 77. Rb5+ Nd5 78. Ra5 Kf4 79. Ra3 Ne3 80.
Kh5 Rg2 0-1

[Event "Miedzynarodowy Memorial Ireny Warakomskiej (Turniej Blitza)"]
[Site "Suwalki"]
[Date "2017-08-16"]
[Round "2.14"]
[White "Murawko, Katarzyna "]
[Black "Smolka, Marcin "]
[Result "0-1"]
[WhiteTitle ""]
[BlackTitle ""]
[WhiteElo "1963"]
[BlackElo "2161"]

1. e4 e5 2. Nf3 Nc6 3. Bb5 a6 4. Ba4 Nf6 5. d3 b5 6. Bb3 Bc5 7. c3 d6 8. O-O Bg4
9. Nbd2 h6 10. Re1 Qd7 11. Nf1 Bh5 12. Ne3 g5 13. Nf5 Kf8 14. d4 Bb6 15. Qd3 Bg6
16. Ng3 Re8 17. dxe5 dxe5 18. Qxd7 Nxd7 19. Be3 Nc5 20. Bd5 Nd8 21. Rad1 Kg7 22.
Nf5+ Bxf5 23. exf5 f6 24. b4 Na4 25. Bxb6 Nxb6 26. Bb3 Nf7 27. Nd2 Nd6 28. Be6
Re7 29. Nb3 Nbc4 30. Nc5 a5 31. Bxc4 Nxc4 32. Ne6+ Kf7 33. Rd5 axb4 34. cxb4 Ra8
35. Rxb5 Nd6 36. Rc5 Nxf5 37. Nxc7 Rxa2 38. b5 Rb2 39. g4 Nd4 40. Rd1 Rd7 41.
Nd5 Rxb5 42. Rxb5 Nxb5 43. Ne3 Rxd1+ 44. Nxd1 Ke6 45. Kf1 Nd4 46. Ne3 f5 47. gxf5+
Nxf5 48. Ng4 h5 49. Ne3 Nxe3+ 50. fxe3 Kf5 51. Kf2 Ke4 52. Ke2 g4 53. Kf2 h4 0-1

[Event "Miedzynarodowy Memorial Ireny Warakomskiej (Turniej Blitza)"]
[Site "Suwalki"]
[Date "2017-08-16"]
[Round "2.15"]
[White "Golek, Jagoda"]
[Black "Ziemski, Jaroslaw"]
[Result "1-0"]
[WhiteTitle ""]
[BlackTitle ""]
[WhiteElo "2151"]
[BlackElo "1824"]

1. e4 e5 2. Nf3 Nc6 3. Bc4 Nf6 4. O-O Nxe4 5. Re1 d5 6. Bb5 Bd6 7. d3 Nf6 8. Nxe5
O-O 9. Bxc6 bxc6 10. d4 c5 11. c3 cxd4 12. cxd4 Bd7 13. Nc3 c6 14. Bg5 Re8 15.
Qf3 Be7 16. Bh4 Ne4 17. Qxf7+ Kh8 18. Bxe7 Qxe7 19. Qxe7 Rxe7 20. Nxe4 dxe4 21.
Rxe4 Rae8 22. Rae1 Kg8 23. f3 g6 24. Nxd7 1-0

[Event "Miedzynarodowy Memorial Ireny Warakomskiej (Turniej Blitza)"]
[Site "Suwalki"]
[Date "2017-08-16"]
[Round "2.16"]
[White "Medvedyk, Volodymyr"]
[Black "Okrucinski, Tadeusz"]
[Result "0-1"]
[WhiteTitle ""]
[BlackTitle ""]
[WhiteElo "1950"]
[BlackElo "2149"]

1. c4 g6 2. g3 Bg7 3. Bg2 c5 4. Nc3 Nf6 5. Nf3 d5 6. cxd5 Nxd5 7. O-O Nc6 8. Qa4
O-O 9. Qc4 Nxc3 10. dxc3 b6 11. e4 a5 12. Qa4 Bd7 13. Qc2 Qc8 14. Rd1 a4 15. Bf4
Bh3 16. Bh1 a3 17. b3 Bg4 18. Bg2 h6 19. Rac1 g5 20. Be3 Bh3 21. Bxh3 Qxh3 22.
Qe2 Qg4 23. Bd2 Rad8 24. Kg2 Rd7 25. h3 Qe6 26. c4 Rfd8 27. Bc3 Rxd1 28. Rxd1
Bxc3 29. Rxd8+ Nxd8 30. Qd3 Nc6 31. Qxc3 Qxe4 32. Kh2 e5 33. Nd2 Qd4 34. Qc2 Qxf2+
35. Kh1 Nd4 36. Qe4 Qxd2 37. Qa8+ Kg7 38. Qe4 Qe2 0-1

[Event "Miedzynarodowy Memorial Ireny Warakomskiej (Turniej Blitza)"]
[Site "Suwalki"]
[Date "2017-08-16"]
[Round "2.17"]
[White "Volkov, Aleksandr"]
[Black "Zaika, Daniil"]
[Result "0-1"]
[WhiteTitle ""]
[BlackTitle ""]
[WhiteElo "1544"]
[BlackElo "1941"]

1. e4 e6 2. f4 d5 3. Nc3 Nf6 4. e5 Nfd7 5. Nf3 c5 6. Bb5 Nc6 7. O-O g6 8. d4 Qb6
9. dxc5 Bxc5+ 10. Kh1 O-O 11. Ng5 Be7 12. Bd3 Nc5 13. Be2 f6 14. exf6 Bxf6 15.
Bg4 Nd4 16. Be3 Nf5 17. Bc1 d4 18. Nce4 Nxe4 19. Nxe4 Bg7 20. Bf3 Bd7 21. Ng5
h6 22. Ne4 Bb5 23. Re1 Rfd8 24. a3 Rac8 25. Ng3 Ne3 26. Qd2 Rxc2 27. Qb4 Bc6 28.
Bxe3 Qxb4 29. axb4 Bxf3 30. gxf3 dxe3 31. Rxe3 Bxb2 32. Rae1 Rdc8 33. Nf1 Rc1
34. Ng3 Rxe1+ 35. Rxe1 Rc1 36. Rxc1 0-1

[Event "Miedzynarodowy Memorial Ireny Warakomskiej (Turniej Blitza)"]
[Site "Suwalki"]
[Date "2017-08-16"]
[Round "2.18"]
[White "Slezinski, Nikodem "]
[Black "Mecelica, Erikas "]
[Result "1-0"]
[WhiteTitle ""]
[BlackTitle ""]
[WhiteElo "1936"]
[BlackElo "1630"]

1. e4 c5 2. Nc3 e6 3. f4 d5 4. Nf3 a6 5. exd5 exd5 6. d4 Nf6 7. Be2 Nc6 8. O-O
Be7 9. Kh1 O-O 10. Be3 cxd4 11. Nxd4 Be6 12. f5 Bd7 13. Qd2 Qc8 14. Bd3 Ng4 15.
Bg1 Bf6 16. Nxd5 Nxd4 17. Bxd4 Qb8 18. Nxf6+ gxf6 19. Qf4 Qxf4 20. Rxf4 Ne5 21.
Be4 Bc6 22. Bxc6 bxc6 23. Re4 Rfe8 24. Rae1 Rad8 25. Bc3 Rd5 26. h3 Kg7 27. g4
h6 28. Kg2 a5 29. h4 Rb8 30. b3 Rbb5 31. g5 hxg5 32. hxg5 Rbc5 33. R4e3 a4 34.
Rh3 axb3 35. axb3 Rd6 36. Bxe5 Rxe5 37. gxf6+ Kxf6 38. Rh6+ Kxf5 39. Rxd6 Rxe1
40. Rxc6 Re2+ 41. Kf3 Rh2 42. b4 Rh4 43. b5 Rb4 44. c4 f6 45. b6 Rb3+ 46. Ke2
Kg5 47. c5 f5 48. Rc7 f4 49. b7 Kg4 50. Rg7+ Kf5 51. c6 Ke4 52. Re7+ Kd5 53. Re8
f3+ 54. Kf2 Kxc6 55. b8=Q Kd5 1-0

[Event "Miedzynarodowy Memorial Ireny Warakomskiej (Turniej Blitza)"]
[Site "Suwalki"]
[Date "2017-08-16"]
[Round "2.19"]
[White "Obuchowicz, Jerzy"]
[Black "Budnik, Mateusz"]
[Result "0-1"]
[WhiteTitle ""]
[BlackTitle ""]
[WhiteElo "1528"]
[BlackElo "1924"]

1. d4 Nf6 2. c4 c5 3. d5 b5 4. cxb5 a6 5. Nc3 axb5 6. Nxb5 Ba6 7. e3 Bxb5 8. Bxb5
Qa5+ 9. Bd2 Qxb5 10. Ne2 g6 11. O-O Bg7 12. Nc3 Qb7 13. e4 d6 14. f4 Nbd7 15.
a3 O-O 16. Rb1 Rfb8 17. g4 Qb3 18. Qf3 Ne8 19. h4 Nc7 20. h5 Nb5 21. Rfc1 Nd4
22. Qf2 Nc2 23. Kg2 Nd4 24. f5 Nf6 25. Qh4 Nxe4 26. Be1 Nxc3 27. Bxc3 Ne2 28.
Qf2 Nxc3 29. bxc3 Qxb1 30. Rxb1 Rxb1 31. hxg6 hxg6 32. fxg6 fxg6 33. Qe3 Rxa3
34. Qe6+ Kh7 35. g5 Rb2+ 0-1

[Event "Miedzynarodowy Memorial Ireny Warakomskiej (Turniej Blitza)"]
[Site "Suwalki"]
[Date "2017-08-16"]
[Round "2.20"]
[White "Kaniak, Justyna"]
[Black "Karlov, Egor "]
[Result "0-1"]
[WhiteTitle ""]
[BlackTitle ""]
[WhiteElo "1901"]
[BlackElo "1538"]

1. e4 e6 2. d4 d5 3. e5 c5 4. Nf3 Nc6 5. Bd3 Bd7 6. O-O cxd4 7. Nbd2 Nge7 8. Nb3
Ng6 9. Re1 Be7 10. Nbxd4 Nxd4 11. Nxd4 O-O 12. Nf3 Bc6 13. Be3 Qc7 14. Bd4 Rac8
15. Qd2 b6 16. Ng5 Bxg5 17. Qxg5 Qe7 18. Qh5 Bb7 19. Re3 Ba6 20. Rh3 h6 21. Bxa6
Rxc2 22. Bd3 Nf4 23. Qd1 Nxh3+ 24. gxh3 Qg5+ 25. Kh1 Rd2 26. Qe1 Rxd3 27. Be3
Qxe5 28. Qg1 Qe4+ 29. Qg2 Qxg2+ 30. Kxg2 Rc8 31. Kf3 f6 32. Rg1 Kf7 33. Ke2 Rxe3+
34. fxe3 Rc2+ 35. Kd3 Rxb2 36. a3 Rb3+ 37. Kc2 Rxa3 0-1

[Event "Miedzynarodowy Memorial Ireny Warakomskiej (Turniej Blitza)"]
[Site "Suwalki"]
[Date "2017-08-16"]
[Round "3.1"]
[White "Cukrowski, Filip "]
[Black "Bilguun, Sumiya"]
[Result "0-1"]
[WhiteTitle ""]
[BlackTitle ""]
[WhiteElo "2180"]
[BlackElo "2527"]

1. e4 c5 2. Nf3 e6 3. d4 cxd4 4. Nxd4 a6 5. Bd3 Qc7 6. Qe2 g6 7. c4 Bg7 8. Nb3
d6 9. O-O Nf6 10. Nc3 O-O 11. Be3 Nbd7 12. Rac1 b6 13. f4 Bb7 14. Kh1 Rfe8 15.
Bb1 Rac8 16. Nd2 Qb8 17. b4 h5 18. a4 Ng4 19. Bg1 d5 20. e5 Qa8 21. cxd5 exd5
22. h3 Nh6 23. Nb3 Rc4 24. Nd4 Nf8 25. b5 axb5 26. Ncxb5 Qxa4 27. Rxc4 Qxc4 28.
Qxc4 dxc4 29. Nd6 Re7 30. Nxc4 Ba6 31. Ba2 Rc7 32. Nxb6 Bxf1 33. e6 fxe6 34. Nxe6
Nxe6 35. Bxe6+ Kh7 36. Nd5 Rc6 0-1

[Event "Miedzynarodowy Memorial Ireny Warakomskiej (Turniej Blitza)"]
[Site "Suwalki"]
[Date "2017-08-16"]
[Round "3.2"]
[White "Stoma, Pawel "]
[Black "Suliborski, Jakub"]
[Result "1-0"]
[WhiteTitle ""]
[BlackTitle ""]
[WhiteElo "2341"]
[BlackElo "2222"]

1. e4 c5 2. d4 cxd4 3. c3 dxc3 4. Nxc3 e6 5. Nf3 Nc6 6. Bc4 Nf6 7. O-O Qc7 8. h3
Bc5 9. Bg5 Ne5 10. Be2 Nxf3+ 11. Bxf3 d6 12. Rc1 Qe7 13. e5 dxe5 14. Ne4 Bd4 15.
Qc2 O-O 16. Kh1 Bd7 17. Nxf6+ gxf6 18. Bh6 Rfc8 19. Qb3 Rxc1 20. Rxc1 Bxf2 21.
Bxb7 Rd8 22. Qf3 Bh4 23. Qg4+ Bg5 24. h4 Bb5 25. Be4 Rd4 26. Rc8+ Rd8 27. Rxd8+
Qxd8 28. Bc2 Qc7 29. Qe4 f5 30. Qa8+ Bd8 31. Bg5 Qxc2 1-0

[Event "Miedzynarodowy Memorial Ireny Warakomskiej (Turniej Blitza)"]
[Site "Suwalki"]
[Date "2017-08-16"]
[Round "3.3"]
[White "Smolka, Marcin "]
[Black "Kulon, Klaudia "]
[Result "0-1"]
[WhiteTitle ""]
[BlackTitle ""]
[WhiteElo "2161"]
[BlackElo "2331"]

1. e4 c5 2. c4 g6 3. Ne2 Bg7 4. d4 cxd4 5. Nxd4 Nc6 6. Be3 d6 7. Nc3 Nf6 8. Be2
O-O 9. O-O a5 10. Qd2 a4 11. Rfd1 Qa5 12. f3 Bd7 13. Rac1 Rfc8 14. Bf1 Be6 15.
Nxe6 fxe6 16. c5 dxc5 17. Bc4 Kh8 18. Bxe6 Rd8 19. Nd5 Nxd5 20. Qxa5 Rxa5 21.
Bxd5 Nd4 22. Kf1 b6 23. b4 axb3 24. axb3 Ra3 25. Kf2 Ra2+ 26. Kg3 Ne2+ 27. Kh3
Nxc1 28. Rxc1 Rb2 29. g4 Be5 30. f4 Re2 31. Bxc5 Bxf4 32. Bg1 Bxc1 0-1

[Event "Miedzynarodowy Memorial Ireny Warakomskiej (Turniej Blitza)"]
[Site "Suwalki"]
[Date "2017-08-16"]
[Round "3.4"]
[White "Bednarek, Sylwester"]
[Black "Slezinski, Nikodem "]
[Result "1-0"]
[WhiteTitle ""]
[BlackTitle ""]
[WhiteElo "2283"]
[BlackElo "1936"]

1. d4 Nf6 2. Bg5 d5 3. Bxf6 gxf6 4. g3 c5 5. dxc5 e6 6. Bg2 Bxc5 7. Nh3 Qb6 8.
O-O Qxb2 9. Nd2 Nc6 10. c4 d4 11. Nb3 Be7 12. Nf4 O-O 13. Bxc6 bxc6 14. Qxd4 Qxd4
15. Nxd4 Bd6 16. Nxc6 Bxf4 17. gxf4 Kh8 18. f3 Bd7 19. Na5 Rfc8 20. Rfd1 Ba4 21.
Rd4 e5 22. fxe5 fxe5 23. Re4 f6 24. Nb3 Rab8 25. Rb1 Kg7 26. f4 Bc6 27. Re3 exf4
28. Re7+ Kg6 29. Rxa7 Kf5 30. Ra5+ Ke4 31. Kf2 Bd7 32. Rd1 Be6 33. Rd4# 1-0

[Event "Miedzynarodowy Memorial Ireny Warakomskiej (Turniej Blitza)"]
[Site "Suwalki"]
[Date "2017-08-16"]
[Round "3.5"]
[White "Okrucinski, Tadeusz"]
[Black "Lewtak, Damian "]
[Result "0-1"]
[WhiteTitle ""]
[BlackTitle ""]
[WhiteElo "2149"]
[BlackElo "2275"]

1. d4 Nf6 2. c4 e6 3. Nf3 b6 4. g3 Bb7 5. Bg2 Be7 6. O-O O-O 7. d5 exd5 8. Nh4
c6 9. cxd5 Nxd5 10. Nf5 Na6 11. e4 Ndc7 12. Bh6 gxh6 13. Qg4+ Bg5 14. h4 Ne6 15.
Nxh6+ Kg7 16. Nf5+ Kh8 17. hxg5 Qxg5 18. Qe2 Nac7 19. Nc3 Ne8 20. Rfd1 Rd8 21.
Nd6 Nxd6 22. Rxd6 c5 23. f4 Qxg3 24. Qf3 Qxf3 25. Bxf3 Nxf4 26. Rad1 Bc6 27. Kf2
Ne6 28. R6d2 Nd4 29. Rh1 Rg8 30. Rh5 Rg6 31. Nd5 Bxd5 32. exd5 Rf6 33. Rd3 Nxf3
34. Rxf3 Rxf3+ 35. Kxf3 Re8 36. Rh1 Re5 37. d6 Rd5 38. Re1 Rxd6 39. Re7 Kg7 40.
Re8 h5 41. Ra8 a5 42. Re8 h4 43. Kg4 Rh6 44. Kh3 d5 45. Rd8 d4 46. Rd5 Kf8 47.
a4 Ke7 48. b3 Ke6 49. Rd8 Ke5 50. Re8+ Kf4 51. Rd8 Ke3 0-1

[Event "Miedzynarodowy Memorial Ireny Warakomskiej (Turniej Blitza)"]
[Site "Suwalki"]
[Date "2017-08-16"]
[Round "3.6"]
[White "Zochowski, Kacper"]
[Black "Golek, Jagoda"]
[Result "0-1"]
[WhiteTitle ""]
[BlackTitle ""]
[WhiteElo "2263"]
[BlackElo "2151"]

1. c4 e6 2. g3 d5 3. Bg2 c6 4. Nf3 Nf6 5. b3 Be7 6. O-O O-O 7. Bb2 Nbd7 8. d3 b6
9. Nbd2 Bb7 10. Qc2 Rc8 11. e4 c5 12. Ne5 Qc7 13. Nxd7 Qxd7 14. cxd5 exd5 15.
e5 Ne8 16. f4 f5 17. exf6 Bxf6 18. Nf3 d4 19. b4 Bxf3 20. Bxf3 Nd6 21. bxc5 bxc5
22. Ba3 Nf5 23. Rfc1 Ne3 24. Qb3+ c4 25. dxc4 Rfd8 26. Qd3 Re8 27. Re1 Qa4 28.
Bc1 Nxc4 29. Rxe8+ Rxe8 30. Bd5+ Kh8 31. Bxc4 Re1+ 32. Kg2 Qc6+ 33. Kh3 Qd7+ 34.
f5 Qc6 35. Bb2 Re3 36. Qd1 Qxc4 37. Rc1 Qg8 38. Qa4 h6 39. Qd7 Re7 40. Qc8 Re8
41. Qb7 Qxa2 42. Qc6 Rf8 43. Qb7 Qa5 44. Ra1 Qxf5+ 45. Kg2 Re8 46. Rf1 Qc2+ 47.
Rf2 Qc5 48. Qd7 Rd8 49. Qf7 Rf8 50. Qd7 Rd8 51. Qf7 Qc6+ 52. Kg1 Re8 53. Rf1 Rb8
54. Ba3 d3 55. Be7 Bd4+ 0-1

[Event "Miedzynarodowy Memorial Ireny Warakomskiej (Turniej Blitza)"]
[Site "Suwalki"]
[Date "2017-08-16"]
[Round "3.7"]
[White "Budnik, Mateusz"]
[Black "Jaroch, Karol"]
[Result "0-1"]
[WhiteTitle ""]
[BlackTitle ""]
[WhiteElo "1924"]
[BlackElo "2250"]

1. b3 e6 2. Bb2 Nf6 3. e3 d5 4. f4 Be7 5. Nf3 Nbd7 6. Bb5 c6 7. Be2 b6 8. O-O Bb7
9. Qe1 Qc7 10. d3 h5 11. Nbd2 O-O-O 12. Ne5 Rdf8 13. Ndf3 Nxe5 14. Nxe5 Ne8 15.
a4 Bd6 16. a5 Bxe5 17. Bxe5 Qe7 18. axb6 axb6 19. Ra7 f6 20. Bb2 e5 21. Bf3 Nc7
22. Ra2 h4 23. Bg4+ Kb8 24. Ba3 c5 25. d4 exd4 26. exd4 Qxe1 27. Rxe1 Nb5 28.
dxc5 Nxa3 29. Rxa3 bxc5 30. Ra5 Re8 31. Rxe8+ Rxe8 32. Rxc5 Re1+ 33. Kf2 Rh1 34.
h3 Ka7 35. b4 Kb6 36. c3 Rc1 37. Bf3 Ba8 38. Ke3 Bb7 39. Kd2 Rg1 40. Ra5 Bc6 41.
Kd3 Bb7 42. Ra2 Rc1 43. Rc2 Re1 44. Kd4 Ba6 45. Kxd5 Bd3 46. Rd2 Bf5 47. Kd4 Kb5
48. c4+ Kxb4 49. Rb2+ Ka5 50. c5 Rc1 51. c6 g5 52. fxg5 fxg5 53. Kd5 Rc3 54. Kd6
Bxh3 55. c7 Bf5 56. Bb7 g4 57. Ke7 0-1

[Event "Miedzynarodowy Memorial Ireny Warakomskiej (Turniej Blitza)"]
[Site "Suwalki"]
[Date "2017-08-16"]
[Round "3.8"]
[White "Paszewski, Mateusz "]
[Black "Paprocki, Jaroslaw "]
[Result "0-1"]
[WhiteTitle ""]
[BlackTitle ""]
[WhiteElo "2233"]
[BlackElo "2101"]

1. e4 e5 2. Nf3 Nc6 3. Bc4 Bc5 4. O-O Nf6 5. d3 d6 6. c3 O-O 7. h3 h6 8. Re1 a6
9. a4 Ba7 10. Nbd2 Re8 11. Nf1 Be6 12. Bxe6 Rxe6 13. Ng3 d5 14. Qe2 dxe4 15. dxe4
Ne7 16. Nh4 Ng6 17. Nxg6 fxg6 18. Qc4 Qe7 19. Nf5 Qf7 20. Ne3 b5 21. axb5 axb5
22. Qd3 c6 23. Re2 Ree8 24. Qc2 Bxe3 25. Rxa8 Bxf2+ 26. Rxf2 Rxa8 27. g4 Qc4 28.
Re2 Ra1 29. Kg2 Rxc1 30. Qd2 Nxe4 31. Qe3 0-1

[Event "Miedzynarodowy Memorial Ireny Warakomskiej (Turniej Blitza)"]
[Site "Suwalki"]
[Date "2017-08-16"]
[Round "3.9"]
[White "Jakubowska, Anna "]
[Black "Grabowski, Adam"]
[Result "1-0"]
[WhiteTitle ""]
[BlackTitle ""]
[WhiteElo "2186"]
[BlackElo "1951"]

1. e4 c6 2. d4 d5 3. e5 Bf5 4. Nc3 Nd7 5. h4 h6 6. Bd3 Bxd3 7. Qxd3 e6 8. Nf3 Ne7
9. g4 c5 10. dxc5 Nc6 11. Qb5 Qc7 12. Bf4 Bxc5 13. O-O a6 14. Qe2 O-O-O 15. Na4
Ba7 16. c4 d4 17. Rfd1 f6 18. c5 fxe5 19. Bg3 Rdf8 20. Rac1 Bb8 21. Nxd4 Qa5 22.
Nxc6 bxc6 23. Qc4 Rf6 24. Rd3 Qb5 25. Qe4 Rhf8 26. Nb6+ Nxb6 27. cxb6 c5 28. b7+
Kc7 29. b4 Kb6 30. bxc5+ Ka7 31. c6 Rxf2 32. Bxf2+ Rxf2 33. Kxf2 Qb2+ 34. Kf3
Qxc1 35. Qe3+ 1-0

[Event "Miedzynarodowy Memorial Ireny Warakomskiej (Turniej Blitza)"]
[Site "Suwalki"]
[Date "2017-08-16"]
[Round "3.10"]
[White "Semczuk, Jerzy "]
[Black "Kaczmarek, Arkadiusz "]
[Result "0-1"]
[WhiteTitle ""]
[BlackTitle ""]
[WhiteElo "1872"]
[BlackElo "2185"]

1. e4 d5 2. exd5 Nf6 3. d4 Nxd5 4. c4 Nb6 5. Nc3 g6 6. Be3 Bg7 7. Nf3 O-O 8. Be2
Nc6 9. h3 e5 10. dxe5 Nxe5 11. Nxe5 Bxe5 12. Bc5 Re8 13. Qxd8 Rxd8 14. O-O Be6
15. Bxb6 axb6 16. Rfd1 Bxc3 17. bxc3 Rxd1+ 18. Rxd1 Rxa2 19. Bf3 Rc2 20. Bxb7
Rxc3 21. Bd5 Kf8 22. Bxe6 fxe6 23. Rd4 Ke7 24. f4 Rc2 25. Kh2 Rc3 26. Kg1 c6 27.
Kf2 b5 28. cxb5 cxb5 29. Rb4 Rc5 30. Ke3 Kd6 31. Kd4 Kc6 32. g3 Rc1 33. h4 Rd1+
34. Ke5 Kc5 35. Rb2 Re1+ 36. Kf6 Re3 37. g4 Re4 38. Kg5 b4 39. h5 gxh5 40. gxh5
Kc4 41. h6 Kc3 42. Rf2 b3 43. Kf6 b2 44. Rxb2 Kxb2 45. Kg7 Rxf4 46. Kxh7 e5 0-1